| 000 | 00670nam a2200193Ia 4500 | ||
|---|---|---|---|
| 003 | GCL | ||
| 008 | 140319s9999 xx 000 0 ara d | ||
| 020 | _a1177705977 | ||
| 040 |
_aGCL / _cGCL |
||
| 082 | 0 | 4 |
_a374 _bا ا |
| 100 | 1 | _aابراهيم محمد ابراهيم | |
| 245 | 1 | 0 |
_aاستراتيجيات تعليم الكبار فى المناطق الاكثر احتياجا / _cابراهيم محمد ابراهيم |
| 260 |
_aالقاهرة : _bمكتبة الانجلوالمصرية ، _c2000 |
||
| 300 |
_a289 ص ؛ _c24 سك |
||
| 650 | 0 | 4 | _aتعليم الكبار |
| 650 | 0 | 4 | _aالامية |
| 650 | 0 | 4 | _aمحو الامية - مصر |
| 942 |
_2ddc _cBK |
||
| 999 |
_c861 _d861 |
||